| 000 | 00792cab a2200241 4500 | ||
|---|---|---|---|
| 001 | WB2941-52 | ||
| 008 | 090401t1993 xxu||||| |||| 00| 0 eng d | ||
| 035 | _a(Sirsi) u62831 | ||
| 041 | _aeng | ||
| 245 | _aAgents set to loose asset work | ||
| 260 | _c1993 | ||
| 350 | _a0 | ||
| 490 |
_aEstates Times _v(1210) 29 October 1993, 4(1) |
||
| 520 | _aChartered surveyor firms will lose out on property asset management, predicts a new partnership between consultancy Real Estate Strategy and Henderson Property Asset Management. | ||
| 650 | _aASSET MANAGEMENT | ||
| 650 | _aABOUT RICS-RICS MEMBERS | ||
| 650 | _aFORECASTS | ||
| 650 | _aHPAM | ||
| 650 | _aINVESTMENT BROKERAGE | ||
| 690 | _aMANAGEMENT-BUSINESS MANAGEMENT-PROFESSIONAL PRACTICE | ||
| 942 | _n0 | ||
| 948 | _c04/03/1997 | ||
| 999 |
_c39028 _d39028 |
||